Normal view
MARC view
Entry Topical Term
001 - CONTROL NUMBER
- control field: 19226
003 - CONTROL NUMBER IDENTIFIER
- control field: OSt
005 - DATE AND TIME OF LATEST TRANSACTION
- control field: 20201110165514.0
008 - FIXED-LENGTH DATA ELEMENTS
- fixed length control field: 201110|| aca||aabn | a|a d
040 ## - CATALOGING SOURCE
- Original cataloging agency: OSt
- Transcribing agency: OSt
150 ## - HEADING--TOPICAL TERM
- Topical term or geographic name entry element: Asset forfeiture, Revenue-orientated policing, Method of selection, Electoral
670 ## - SOURCE DATA FOUND
- Source citation: Work cat.: (OSt): Mughan, S. Li, D. and Crotty, S. N. 19225, When law enforcement pays: Costs and benefits for elected versus appointed administrators engaged in asset forfeiture
